00346nam a2200133Ia 4500008004100000041001200041082001500053100004600068245003800114250001300152260002500165300000800190650001400198231217s9999 xx 000 0 und d aEnglish a158.1 DOV aDouglas, Mack R Wilson, W Heartsill For. 0aHow to make a habit of succeeding a1st ed.  c1995bUBSPD, N.Delhi a183 aSucceding